00398nam a2200145Ia 4500008004100000020001500041041001200056100001900068245007800087250000800165260004000173300000800213650000800221700002300229221030s9999 xx 000 0 und d a1259006463 aEnglish aN. N. Bhargava 0aBasic Elctronics & Linear Circuitscby N. N. Bhargava, D. C. Kulshreshtha a2nd bMcGraw - Hill Pub.aNew Delhic2014 a482 aECE aD. C. Kulshreshtha